| 000 | 01152nam0a2200349 4500 | ||
|---|---|---|---|
| 001 | RU\NLR\BIBL_A\011203610 | ||
| 005 | 20260406015651.0 | ||
| 010 |
_a978-5-94301-621-9 _9100 |
||
| 021 |
_aRU _b2016-63788 _94067 |
||
| 035 | _a(NILC)RuMoRGB-008580221 | ||
| 035 | _a(NLR Aleph) 011203610 | ||
| 090 |
_a11937116 _c11937116 |
||
| 100 | _a20160901d2016 |||y0rusy50 ca | ||
| 101 | 0 | _aeng | |
| 102 | _aRU | ||
| 105 | _aa|||z|||000yy | ||
| 200 | 1 |
_aMagnetobiosphere _fD.V. Belik |
|
| 210 |
_aNovosibirsk _cSibprint _d2016 |
||
| 215 |
_a90 с. _cил. _d21 |
||
| 320 | _aБиблиогр.: с. 86-89 (46 назв.) | ||
| 541 | 1 | _aМагнитобиосфера | |
| 606 | 1 |
_aМагнитобиология _91528148 _3RU\NLR\AUTH\66665118 |
|
| 606 | 1 |
_aГоловной мозг _xВлияние магнитного поля _91433309 _3RU\NLR\AUTH\66294971 |
|
| 675 | _a612 | ||
| 686 | 1 | _aЕ071.22 | |
| 686 | 1 | _aЕ901.22 | |
| 700 | 1 |
_8rus _7ba _aBelik _bD. V. _f1950- _gDmitrij Vasil'evič _3RU\NLR\AUTH\77121141 _9104066 |
|
| 801 | 0 |
_aRU _bРГБ _c20160815 _gRCR |
|
| 942 | _cBOOK | ||
| 980 | _aNB | ||